| 000 | 00524nam a2200181Ia 4500 | ||
|---|---|---|---|
| 008 | 220216s9999 xx 000 0 und d | ||
| 100 | _aIsmail Halimatuddahliana H | ||
| 245 | 4 | _aThe Effect of HVA-2 addition on the properties of PP-EPDM-NR ternary blends | |
| 260 |
_bJournal of Elastomers and Plastics _c2005 |
||
| 300 | _a55-72 | ||
| 650 | _aBlend | ||
| 650 | _aEthylene-propylene diene terpolymer | ||
| 650 | _aHVA-2 | ||
| 650 | _aNatural rubber | ||
| 650 | _aPolypropylene | ||
| 700 | _aMd Akil H | ||
| 942 | _cJS | ||
| 999 |
_c70616 _d70616 |
||